000
00256nam a2200109 4500
082
0
_a
225.5
242
0
0
_a
The New Testament in Latuka
245
1
1
_a
Ecorit aĆejuk
260
_a
Khartoum
_b
United Bible Societies
_c
c.1969
300
_a
494 p.
942
_2
ddc
_c
BK
999
_c
64591
_d
64565